000 00610nam a2200241Ia 4500
003 OSt
005 20220924140423.0
006 a|||||r|||| 00| 0
007 ta
008 220923b |||||||| |||| 00| 0 ben d
020 _a8186986243
024 _a295061
037 _cTextual
040 _aARTS
_cARTS
_bben
041 _2ben
_aben
082 _aO157,3x, P2
100 _aChakraborty Sailen Ed.
_9211341
245 0 _aPrabasi galpasambhar
260 _c2002
650 _aBENGALI LITERATURE
942 _hO157,3x, P2
_cTEXL
_2CC
999 _c444228
_d444228